{"text_format":"3","workbook":"xlsx","n_sheets":2,"sheets":["SUMMARY","MATERIAL TAKE-OFF"],"not_rendered":{"charts":1,"images":2,"defined_names":4},"read":"whole","date_system":"1900"}

{"sheet":"SUMMARY","index":0,"n_rows":18,"n_cols":4,"rows_kept":18,"merged":[[12,0,12,1],[13,0,13,3],[17,0,17,1]]}
[]
["Project ID:"]
[]
["Address:"]
[]
["No. of Floors:",1]
[]
["Building GSF",334]
[]
["DIVISION NO.","DESCRIPTION","TOTAL DIV. COST","TOTAL DIV. COST (PER SF)"]
[1000,"Overhead and Preliminaries",{"$f":"'MATERIAL TAKE-OFF'!L13","v":{"v":22044,"d":"$22,044"}},{"$f":"C11/$B$8","v":{"v":66,"d":"$66.00"}}]
[3000,"Plumbing and Drainage ",{"$f":"'MATERIAL TAKE-OFF'!L47","v":{"v":54999.081275000004,"d":"$54,999"}},{"$f":"C12/$B$8","v":{"v":164.66790800898204,"d":"$164.67"}}]
["SUBTOTAL CONSTRUCTION COST",null,{"$f":"SUM(C11:C12)","v":{"v":77043.081275,"d":"$77,043"}},{"$f":"SUM(D11:D12)","v":{"v":230.66790800898204,"d":"$231"}}]
[]
["PROFIT",{"v":0.15,"d":"15%"},{"$f":"$C$13*B15","v":{"v":11556.46219125,"d":"$11,556"}},{"$f":"$D$13*B15","v":34.600186201347306}]
["TOTAL PROJECT COST",null,{"$f":"C15+C13","v":{"v":88599.54346625,"d":"$88,600"}},{"$f":"$D$13*B16","v":0}]
["GST",{"v":0.1,"d":"10%"},{"$f":"C16*B17","v":{"v":8859.954346625002,"d":"$8,860"}},{"$f":"$D$13*B17","v":{"v":23.066790800898204,"d":"$23"}}]
["TOTAL PROJECT COST INCL. GST",null,{"$f":"SUM(C16:C17)","v":{"v":97459.49781287501,"d":"$97,459"}},{"$f":"SUM(D13:D17)","v":{"v":288.3348850112276,"d":"$288"}}]

{"sheet":"MATERIAL TAKE-OFF","index":1,"n_rows":64,"n_cols":13,"rows_kept":64,"merged":[[2,6,2,7],[2,8,2,9],[3,6,3,7],[3,8,3,9],[4,6,4,7],[4,8,4,9],[5,6,5,7],[5,8,5,9],[6,6,6,7],[6,8,6,9],[7,6,7,7],[7,8,7,9],[10,1,10,10],[14,1,14,10],[15,1,45,1],[47,0,47,8],[48,0,48,9],[49,0,49,9],[50,0,50,9],[51,0,51,9],[52,0,52,8],[54,1,54,10]]}
[]
[]
["Project: ",{"$f":"SUMMARY!B2","v":0}]
[]
["Address:",{"$f":"SUMMARY!B4","v":0}]
[]
["Scope:","Plumbing And Drainage"]
[]
["Date:",{"$f":"TODAY()","v":"2025-12-23"}]
["SR #","REF. SHEET #","DESCRIPTION","QUANTITY","UNIT","LABOR RATE","TOTAL LABOUR COST","MATERIAL RATE","TOTAL MATETRIAL COST","EQUIPMENT RATE","TOTAL EQUIPMENT COSTS","SUB COST","NOTE / REMARKS"]
[null,"01. OVERHEAD AND PREMLIMINARIES"]
[1,null,"Overhead and Preliminaries",334,"M2",{"v":23.5,"d":"$23.50"},{"$f":"D12*F12","v":{"v":7849,"d":"$7,849.00"}},{"v":42.5,"d":"$42.50"},{"$f":"D12*H12","v":{"v":14195,"d":"$14,195.00"}},{"v":0,"d":"$0.00"},{"$f":"D12*J12","v":{"v":0,"d":"$0.00"}},{"$f":"IF(D12=\"\",\"\",(G12+I12+K12))","v":{"v":22044,"d":"$22,044.00"}}]
[{"$f":"IF(E13=0,\"\",1+MAX(A12:A12))","v":""},{"$nulls":9},"SUBTOTAL",{"$f":"SUM(L11:L12)","v":{"v":22044,"d":"$22,044.00"}}]
[{"$f":"IF(E14=0,\"\",1+MAX(#REF!))","v":""}]
[{"$f":"IF(E15=0,\"\",1+MAX(A14:A14))","v":""},"03. PLUMBING AND DRAINAGE"]
[{"$f":"IF(E16=0,\"\",1+MAX(A14:A15))","v":""},"P-101\nP-102","Domestic Pipes"]
[2,null,"25mm Cold Water Service",80.44,"M",{"v":8.137500000000001,"d":"$8.14"},{"$f":"D17*F17","v":{"v":654.5805,"d":"$654.58"}},{"v":17.5,"d":"$17.50"},{"$f":"D17*H17","v":{"v":1407.7,"d":"$1,407.70"}},{"v":0,"d":"$0.00"},{"$f":"D17*J17","v":{"v":0,"d":"$0.00"}},{"$f":"IF(D17=\"\",\"\",(G17+I17+K17))","v":{"v":2062.2805,"d":"$2,062.28"}}]
[{"$f":"IF(E18=0,\"\",1+MAX(A7:A17))","v":3},null,"20mm Cold Water Service",126.44,"M",{"v":7.6725,"d":"$7.67"},{"$f":"D18*F18","v":{"v":970.1109,"d":"$970.11"}},{"v":16.5,"d":"$16.50"},{"$f":"D18*H18","v":{"v":2086.2599999999998,"d":"$2,086.26"}},{"v":0,"d":"$0.00"},{"$f":"D18*J18","v":{"v":0,"d":"$0.00"}},{"$f":"IF(D18=\"\",\"\",(G18+I18+K18))","v":{"v":3056.3709,"d":"$3,056.37"}}]
[{"$f":"IF(E19=0,\"\",1+MAX(A8:A18))","v":4},null,"20mm Hot Water Service",77.38,"M",{"v":7.6725,"d":"$7.67"},{"v":593.69805,"d":"$593.70"},{"v":16.5,"d":"$16.50"},{"v":1276.77,"d":"$1,276.77"},{"v":0,"d":"$0.00"},{"v":0,"d":"$0.00"},{"v":1870.46805,"d":"$1,870.47"}]
[5,null,"25mm Hot Water Service",57.15,"M",{"v":8.137500000000001,"d":"$8.14"},{"v":465.0581250000001,"d":"$465.06"},{"v":17.5,"d":"$17.50"},{"v":1000.125,"d":"$1,000.13"},{"v":0,"d":"$0.00"},{"v":0,"d":"$0.00"},{"v":1465.183125,"d":"$1,465.18"}]
["",null,"Waste Pipes"]
[6,null,"100mm ",52.87,"M",{"v":9.0675,"d":"$9.07"},{"v":479.398725,"d":"$479.40"},{"v":19.5,"d":"$19.50"},{"v":1030.965,"d":"$1,030.97"},{"v":0,"d":"$0.00"},{"v":0,"d":"$0.00"},{"v":1510.363725,"d":"$1,510.36"}]
[7,null,"50 mm",7.86,"M",{"v":6.742500000000001,"d":"$6.74"},{"v":52.996050000000004,"d":"$53.00"},{"v":14.5,"d":"$14.50"},{"v":113.97,"d":"$113.97"},{"v":0,"d":"$0.00"},{"v":0,"d":"$0.00"},{"v":166.96605,"d":"$166.97"}]
[8,null,"40 mm",22.52,"M",{"v":6.16125,"d":"$6.16"},{"$f":"D24*F24","v":{"v":138.75135,"d":"$138.75"}},{"v":13.25,"d":"$13.25"},{"$f":"D24*H24","v":{"v":298.39,"d":"$298.39"}},{"v":0,"d":"$0.00"},{"$f":"D24*J24","v":{"v":0,"d":"$0.00"}},{"$f":"IF(D24=\"\",\"\",(G24+I24+K24))","v":{"v":437.14135,"d":"$437.14"}}]
["",null,"Pipe"]
[9,null,"Warm Water Services",10.83,"M",{"v":8.602500000000001,"d":"$8.60"},{"v":93.16507500000002,"d":"$93.17"},{"v":18.5,"d":"$18.50"},{"v":200.355,"d":"$200.36"},{"v":0,"d":"$0.00"},{"v":0,"d":"$0.00"},{"v":293.520075,"d":"$293.52"}]
["",null,"Fitting"]
[10,null,"90 Degree Elbow",{"v":153,"d":"153.00"},"EA",{"v":30.457500000000003,"d":"$30.46"},{"v":4659.9975,"d":"$4,660.00"},{"v":65.5,"d":"$65.50"},{"v":10021.5,"d":"$10,021.50"},{"v":0,"d":"$0.00"},{"v":0,"d":"$0.00"},{"v":14681.497500000001,"d":"$14,681.50"}]
[11,null,"45 Degree Elbow",{"v":27,"d":"27.00"},"EA",{"v":31.852500000000003,"d":"$31.85"},{"$f":"D29*F29","v":{"v":860.0175,"d":"$860.02"}},{"v":68.5,"d":"$68.50"},{"$f":"D29*H29","v":{"v":1849.5,"d":"$1,849.50"}},{"v":0,"d":"$0.00"},{"$f":"D29*J29","v":{"v":0,"d":"$0.00"}},{"$f":"IF(D29=\"\",\"\",(G29+I29+K29))","v":{"v":2709.5175,"d":"$2,709.52"}}]
[12,null,"Tee",{"v":33,"d":"33.00"},"EA",{"v":34.6425,"d":"$34.64"},{"v":1143.2024999999999,"d":"$1,143.20"},{"v":74.5,"d":"$74.50"},{"v":2458.5,"d":"$2,458.50"},{"v":0,"d":"$0.00"},{"v":0,"d":"$0.00"},{"v":3601.7025,"d":"$3,601.70"}]
[13,null,"Y-Tee",{"v":14,"d":"14.00"},"EA",{"v":36.502500000000005,"d":"$36.50"},{"v":511.0350000000001,"d":"$511.04"},{"v":78.5,"d":"$78.50"},{"v":1099,"d":"$1,099.00"},{"v":0,"d":"$0.00"},{"v":0,"d":"$0.00"},{"v":1610.035,"d":"$1,610.04"}]
["",null,"Fixtures"]
[14,null,"Fail Safe Balcony Overflow",{"v":18,"d":"18.00"},"EA",{"v":39.292500000000004,"d":"$39.29"},{"$f":"D33*F33","v":{"v":707.2650000000001,"d":"$707.27"}},{"v":84.5,"d":"$84.50"},{"$f":"D33*H33","v":{"v":1521,"d":"$1,521.00"}},{"v":0,"d":"$0.00"},{"$f":"D33*J33","v":{"v":0,"d":"$0.00"}},{"$f":"IF(D33=\"\",\"\",(G33+I33+K33))","v":{"v":2228.2650000000003,"d":"$2,228.27"}}]
[15,null,"FW: Floor Waste",{"v":10,"d":"10.00"},"EA",{"v":35.572500000000005,"d":"$35.57"},{"v":355.725,"d":"$355.73"},{"v":76.5,"d":"$76.50"},{"v":765,"d":"$765.00"},{"v":0,"d":"$0.00"},{"v":0,"d":"$0.00"},{"v":1120.725,"d":"$1,120.73"}]
[16,null,"Provide ZIP 100/75 4 In 1 BCHA Hydrotap.\n- Provide In Joinery. allow For 400mm Wx 470mm D x350mm H Under Bench For Unit",{"v":1,"d":"1.00"},"EA",{"v":58.125,"d":"$58.13"},{"v":58.125,"d":"$58.13"},{"v":125,"d":"$125.00"},{"v":125,"d":"$125.00"},{"v":0,"d":"$0.00"},{"v":0,"d":"$0.00"},{"v":183.125,"d":"$183.13"}]
[17,null,"CO: Cleanout",{"v":6,"d":"6.00"},"EA",{"v":40.222500000000004,"d":"$40.22"},{"v":241.33500000000004,"d":"$241.34"},{"v":86.5,"d":"$86.50"},{"v":519,"d":"$519.00"},{"v":0,"d":"$0.00"},{"v":0,"d":"$0.00"},{"v":760.335,"d":"$760.34"}]
["",null,"Valves"]
[18,null,"Stop Valve",{"v":14,"d":"14.00"},"EA",{"v":34.99125,"d":"$34.99"},{"$f":"D38*F38","v":{"v":489.8775,"d":"$489.88"}},{"v":75.25,"d":"$75.25"},{"$f":"D38*H38","v":{"v":1053.5,"d":"$1,053.50"}},{"v":0,"d":"$0.00"},{"$f":"D38*J38","v":{"v":0,"d":"$0.00"}},{"$f":"IF(D38=\"\",\"\",(G38+I38+K38))","v":{"v":1543.3775,"d":"$1,543.38"}}]
[19,null,"Thermostatic Mixing Valve",{"v":4,"d":"4.00"},"EA",{"v":33.7125,"d":"$33.71"},{"v":134.85,"d":"$134.85"},{"v":72.5,"d":"$72.50"},{"v":290,"d":"$290.00"},{"v":0,"d":"$0.00"},{"v":0,"d":"$0.00"},{"v":424.85,"d":"$424.85"}]
[20,null,"Non Return Valve",{"v":1,"d":"1.00"},"EA",{"v":30.457500000000003,"d":"$30.46"},{"v":30.457500000000003,"d":"$30.46"},{"v":65.5,"d":"$65.50"},{"v":65.5,"d":"$65.50"},{"v":0,"d":"$0.00"},{"v":0,"d":"$0.00"},{"v":95.95750000000001,"d":"$95.96"}]
[21,null,"Reflux Valve",{"v":2,"d":"2.00"},"EA",{"v":29.0625,"d":"$29.06"},{"v":58.125,"d":"$58.13"},{"v":62.5,"d":"$62.50"},{"v":125,"d":"$125.00"},{"v":0,"d":"$0.00"},{"v":0,"d":"$0.00"},{"v":183.125,"d":"$183.13"}]
["",null,"Equipment"]
[22,null,"Hot Water Unit",{"v":1,"d":"1.00"},"EA",{"v":1139.25,"d":"$1,139.25"},{"v":1139.25,"d":"$1,139.25"},{"v":2450,"d":"$2,450.00"},{"v":2450,"d":"$2,450.00"},{"v":0,"d":"$0.00"},{"v":0,"d":"$0.00"},{"v":3589.25,"d":"$3,589.25"}]
[23,null,"1x Rheem Heavy Duty Electric Circulating System Consisting Of\n- 1x Rheem 613 315 Heavy Duty Electric Water Heater \n- 3 x 3.6kW Heating Elements\n- 2x GRUNDFOS 32-80B. DUTIES: 0.5L/s @ 0.1m",{"v":1,"d":"1.00"},"EA",{"v":1604.25,"d":"$1,604.25"},{"$f":"D44*F44","v":{"v":1604.25,"d":"$1,604.25"}},{"v":3450,"d":"$3,450.00"},{"$f":"D44*H44","v":{"v":3450,"d":"$3,450.00"}},{"v":0,"d":"$0.00"},{"$f":"D44*J44","v":{"v":0,"d":"$0.00"}},{"$f":"IF(D44=\"\",\"\",(G44+I44+K44))","v":{"v":5054.25,"d":"$5,054.25"}}]
[24,null,"Water Meter",{"v":3,"d":"3.00"},"EA",{"v":160.425,"d":"$160.43"},{"v":481.27500000000003,"d":"$481.28"},{"v":345,"d":"$345.00"},{"v":1035,"d":"$1,035.00"},{"v":0,"d":"$0.00"},{"v":0,"d":"$0.00"},{"v":1516.275,"d":"$1,516.28"}]
[25,null,"Pump",{"v":2,"d":"2.00"},"EA",{"v":767.25,"d":"$767.25"},{"v":1534.5,"d":"$1,534.50"},{"v":1650,"d":"$1,650.00"},{"v":3300,"d":"$3,300.00"},{"v":0,"d":"$0.00"},{"v":0,"d":"$0.00"},{"v":4834.5,"d":"$4,834.50"}]
[{"$f":"IF(E47=0,\"\",1+MAX(#REF!))","v":""},{"$nulls":9},"SUBTOTAL",{"$f":"SUM(L15:L46)","v":{"v":54999.081275000004,"d":"$54,999.08"}}]
[]
["SUBTOTAL CONSTRUCTION COST",{"$nulls":10},{"$f":"SUM(L11:L48)/2","v":{"v":77043.08127500002,"d":"$77,043"}}]
["PROFIT",{"$nulls":9},{"v":0.15,"d":"15%"},{"$f":"$L$49*K50","v":{"v":11556.462191250002,"d":"$11,556"}}]
["TOTAL PROJECT COST",{"$nulls":10},{"$f":"L49+L50","v":{"v":88599.54346625002,"d":"$88,600"}}]
["GST",{"$nulls":9},{"v":0.1,"d":"10%"},{"$f":"L51*K52","v":{"v":8859.954346625002,"d":"$8,860"}}]
["TOTAL PROJECT COST INCL. GST",{"$nulls":10},{"$f":"L51+L52","v":{"v":97459.49781287502,"d":"$97,459"}}]
["NOTES:"]
[null,"General Notes: The prices used while preparing the estimate were taken from Cordell Platinum online i.e. the standard pricing. So, it is preferred to review the prices."]
[]
[null,null,"Note",{"$nulls":5},"Legend"]
[null,1,"The drawings are scaled as per the mentioned scales on the plans.",{"$nulls":5},"KG's = Kilogram"]
[{"$nulls":8},"M2= Meter Square "]
[{"$nulls":8},"M = Meter"]
[{"$nulls":8},"EA = Each"]
[{"$nulls":8},"M3 = Meter Cube "]
[{"$nulls":8},"LOC = Location"]
[{"$nulls":8},"LS = Lum Sum"]